[Event "CAN-op"]
[Site "Kapuskasing CAN"]
[Date "2003.07.19"]
[Round "9"]
[White "Iljushin, Alexei"]
[Black "Jonkman, Harmen"]
[Result "1/2-1/2"]
[WhiteElo "2553"]
[BlackElo "2424"]
[PlyCount "65"]
[EventDate "2003.07.12"]
[EventType "swiss"]
[EventRounds "9"]
[EventCountry "CAN"]
[Source "Mark Crowther"]
[SourceDate "2003.07.14"]

1. c4 Nf6 2. Nf3 e6 3. g3 d5 4. Bg2 dxc4 5. Qa4+ Nbd7 6. O-O c5 7. Qxc4 Rb8 8.
Nc3 a6 9. d4 b5 10. Qd3 Bb7 11. Rd1 Rc8 12. Bg5 Be7 13. dxc5 Nxc5 14. Qe3 Qb6
15. Rac1 O-O 16. b4 Na4 17. Nxa4 Qxe3 18. Bxe3 bxa4 19. Bc5 Bxc5 20. bxc5 Ne4
21. Ne5 Nxc5 22. Nd7 Nxd7 23. Bxb7 Rc5 24. Bxa6 Rb8 25. Rc4 Rxc4 26. Bxc4 Nc5
27. Rd6 g6 28. Rc6 Nd7 29. f4 Rb2 30. Rc8+ Kg7 31. Rc7 Rc2 32. Rxd7 Rxc4 33.
Rd2 1/2-1/2

[Event "CAN-op"]
[Site "Kapuskasing CAN"]
[Date "2003.07.19"]
[Round "9"]
[White "Kleist, Carol"]
[Black "Kagramanov, Dina"]
[Result "0-1"]
[WhiteElo "1590"]
[BlackElo "2035"]
[PlyCount "46"]
[EventDate "2003.07.12"]
[EventType "swiss"]
[EventRounds "9"]
[EventCountry "CAN"]

1. d4 d5 2. c4 c6 3. Nf3 e6 4. e3 Nf6 5. Nc3 Nbd7 6. Qc2 Be7 7. b3 O-O 8. Bd3
b6 9. O-O Bb7 10. Rd1 Rc8 11. Bb2 c5 12. cxd5 exd5 13. Qe2 Re8 14. e4 cxd4 15.
Nxd4 Bb4 16. Rac1 dxe4 17. Ba6 Bxa6 18. Qxa6 Nc5 19. Qc4 Nd3 20. Qb5 Qxd4 21.
Na4 Qxf2+ 22. Kh1 Rxc1 23. Bxc1 Ne1 0-1

[Event "CAN-op"]
[Site "Kapuskasing CAN"]
[Date "2003.07.19"]
[Round "9"]
[White "Kudrin, Sergey"]
[Black "Patterson, Roger"]
[Result "1/2-1/2"]
[WhiteElo "2583"]
[BlackElo "2200"]
[PlyCount "64"]
[EventDate "2003.07.12"]
[EventType "swiss"]
[EventRounds "9"]
[EventCountry "CAN"]

1. e4 e5 2. Bc4 Bc5 3. Nf3 Nc6 4. c3 Nf6 5. b4 Bb6 6. d3 d6 7. O-O a6 8. Nbd2
O-O 9. Bb3 h6 10. Nc4 Ba7 11. Re1 Be6 12. h3 Ne7 13. Nh4 c6 14. Qf3 Nh7 15. Qg3
Kh8 16. Ne3 Bxe3 17. Bxe3 Bxb3 18. axb3 f5 19. exf5 Nxf5 20. Nxf5 Rxf5 21. f4
Qf6 22. fxe5 dxe5 23. Ra2 Ng5 24. Rae2 Rf8 25. Bc5 Nf3+ 26. Kh1 Nxe1 27. Bxf8
Rf1+ 28. Kh2 Qxf8 29. Rxe1 Rxe1 30. Qxe1 Qf4+ 31. g3 Qf3 32. Qxe5 Qf2+ 1/2-1/2

[Event "CAN-op"]
[Site "Kapuskasing CAN"]
[Date "2003.07.19"]
[Round "9"]
[White "Perelshteyn, Eugene"]
[Black "Nataf, Igor A"]
[Result "1-0"]
[WhiteElo "2442"]
[BlackElo "2580"]
[PlyCount "78"]
[EventDate "2003.07.12"]
[EventType "swiss"]
[EventRounds "9"]
[EventCountry "CAN"]

1. c4 g6 2. Nc3 Bg7 3. g3 Nf6 4. Bg2 O-O 5. Nf3 d6 6. O-O e5 7. d3 Nc6 8. Rb1
a5 9. Bg5 h6 10. Bxf6 Bxf6 11. a3 Bg7 12. b4 axb4 13. axb4 Ne7 14. Qc2 c6 15.
b5 Be6 16. Nd2 d5 17. bxc6 bxc6 18. Na4 Qa5 19. Nb6 Rab8 20. c5 Qa7 21. Rb4 Nf5
22. e3 Rfe8 23. Nb3 h5 24. Ra1 Qc7 25. Ra6 h4 26. Qa2 hxg3 27. hxg3 Qe7 28. Ra7
Qg5 29. Qe2 Re7 30. Rxe7 Nxe7 31. Na5 e4 32. d4 Rf8 33. Ra4 Bh6 34. Nb3 Nf5 35.
Nd2 Nxg3 36. fxg3 Qxe3+ 37. Kf1 Qxg3 38. Nxe4 dxe4 39. Qxe4 Re8 1-0

[Event "CAN-op"]
[Site "Kapuskasing CAN"]
[Date "2003.07.19"]
[Round "9"]
[White "Zatonskih, Anna"]
[Black "Cramling, Pia"]
[Result "1/2-1/2"]
[WhiteElo "2423"]
[BlackElo "2488"]
[PlyCount "92"]
[EventDate "2003.07.12"]
[EventType "swiss"]
[EventRounds "9"]
[EventCountry "CAN"]

1. e4 c5 2. Nf3 e6 3. d4 cxd4 4. Nxd4 a6 5. Nc3 Qc7 6. g3 Bb4 7. Nde2 Nf6 8.
Bg2 Be7 9. O-O Nc6 10. a4 Rb8 11. h3 O-O 12. g4 b5 13. Nf4 b4 14. Nce2 Bb7 15.
Ng3 Rbc8 16. b3 Ne5 17. Ra2 d5 18. exd5 Rfd8 19. Qe2 Nxd5 20. Nxd5 Bxd5 21.
Bxd5 Rxd5 22. Qxa6 Nf3+ 23. Kg2 Nd4 24. Kg1 h5 25. Qd3 hxg4 26. hxg4 Qb7 27. a5
Rc3 28. a6 Qa8 29. Qe4 Bc5 30. Be3 f5 31. gxf5 exf5 32. Qh1 f4 33. a7 fxe3 34.
Qxd5+ Qxd5 35. a8=Q+ Qxa8 36. Rxa8+ Kh7 37. fxe3 Nxc2 38. Ne4 Bxe3+ 39. Kg2
Rxb3 40. Rh1+ Bh6 41. Ra6 Ra3 42. Rxa3 bxa3 43. Nf2 Kg6 44. Kf3 Bg5 45. Ke4 Be7
46. Re1 Nb4 1/2-1/2

[Event "CAN-op"]
[Site "Kapuskasing CAN"]
[Date "2003.07.20"]
[Round "10"]
[White "Cramling, Pia"]
[Black "Pogonina, Natalija"]
[Result "1/2-1/2"]
[WhiteElo "2488"]
[BlackElo "2340"]
[PlyCount "90"]
[EventDate "2003.07.12"]
[EventType "swiss"]
[EventRounds "9"]
[EventCountry "CAN"]
[Source "Mark Crowther"]
[SourceDate "2003.07.14"]

1. d4 Nf6 2. Nf3 c5 3. d5 b5 4. Bg5 d6 5. Bxf6 exf6 6. e4 a6 7. a4 bxa4 8. Bd3
g6 9. Nbd2 Nd7 10. Rxa4 Nb6 11. Ra2 Bg7 12. O-O O-O 13. c3 a5 14. h3 Bd7 15.
Re1 Re8 16. Qa1 a4 17. Nc4 Nxc4 18. Bxc4 Bh6 19. Bd3 Qb8 20. Rb1 Qb7 21. Bc2
Qb5 22. Rd1 Kg7 23. Bd3 Qb7 24. Bc2 Qb5 25. Bd3 Qb7 26. Ne1 Bb5 27. c4 Bd7 28.
Nc2 Kg8 29. Na3 Qb4 30. Nc2 Qb3 31. Ra3 Qb7 32. Ra2 Bg7 33. Na3 Qb4 34. Nb5
Bxb5 35. cxb5 Rec8 36. Bc2 Qxb5 37. Rxa4 Rxa4 38. Bxa4 Qc4 39. Bd7 Rb8 40. Qa7
Qb3 41. Rd2 Bh6 42. Ba4 Qb4 43. Re2 Bf4 44. g3 Be5 45. b3 Rb6 1/2-1/2

[Event "CAN-op"]
[Site "Kapuskasing CAN"]
[Date "2003.07.20"]
[Round "10"]
[White "Fierro Baquero, Martha"]
[Black "Zatonskih, Anna"]
[Result "1/2-1/2"]
[WhiteElo "2313"]
[BlackElo "2423"]
[PlyCount "46"]
[EventDate "2003.07.12"]
[EventType "swiss"]
[EventRounds "9"]
[EventCountry "CAN"]
[Source "Mark Crowther"]
[SourceDate "2003.07.14"]

1. e4 e6 2. Nf3 d5 3. Nc3 dxe4 4. Nxe4 Nd7 5. d4 Ngf6 6. Bd3 c5 7. Nxf6+ Nxf6
8. dxc5 Bxc5 9. O-O O-O 10. Bg5 b6 11. Qe2 Bb7 12. Rad1 Qc7 13. Bxf6 gxf6 14.
Be4 Bxe4 15. Qxe4 Rad8 16. Qe2 Rxd1 17. Rxd1 Rd8 18. Rxd8+ Qxd8 19. g3 Qd5 20.
c4 Qf5 21. Kg2 Qb1 22. b3 f5 23. Qd2 Qe4 1/2-1/2

[Event "CAN-op"]
[Site "Kapuskasing CAN"]
[Date "2003.07.20"]
[Round "10"]
[White "Jonkman, Harmen"]
[Black "Arencibia, Walter"]
[Result "0-1"]
[WhiteElo "2424"]
[BlackElo "2554"]
[PlyCount "76"]
[EventDate "2003.07.12"]
[EventType "swiss"]
[EventRounds "9"]
[EventCountry "CAN"]

1. e4 e6 2. d4 d5 3. e5 c5 4. c3 Nc6 5. Nf3 Qb6 6. a3 Bd7 7. b4 cxd4 8. cxd4
Rc8 9. Be3 Nh6 10. Bd3 Ng4 11. O-O Be7 12. Nbd2 Nxe3 13. fxe3 Nb8 14. Nb3 Ba4
15. Qb1 Rc3 16. Nc1 Nd7 17. Ne2 Rc7 18. Kh1 Bb5 19. Nf4 Bxd3 20. Qxd3 Qc6 21.
Ne2 Qc2 22. Ne1 Qxd3 23. Nxd3 Nb6 24. Rac1 Rxc1 25. Rxc1 Kd7 26. Nc5+ Bxc5 27.
bxc5 Nc4 28. e4 Nxa3 29. exd5 exd5 30. Kg1 Nb5 31. Rb1 Kc6 32. Kf2 f6 33. exf6
Rf8 34. Ke3 Rxf6 35. Ra1 Rf8 36. g3 g5 37. Ra4 Re8+ 38. Kd3 Rxe2 0-1

[Event "CAN-op"]
[Site "Kapuskasing CAN"]
[Date "2003.07.20"]
[Round "10"]
[White "Lipnowski, Samuel"]
[Black "Perelshteyn, Eugene"]
[Result "0-1"]
[WhiteElo "2107"]
[BlackElo "2442"]
[PlyCount "120"]
[EventDate "2003.07.12"]
[EventType "swiss"]
[EventRounds "9"]
[EventCountry "CAN"]

1. e4 c5 2. Nf3 g6 3. d4 cxd4 4. Nxd4 Nc6 5. c4 Nf6 6. Nc3 d6 7. Be2 Bg7 8. Be3
O-O 9. O-O Bd7 10. Rc1 Nxd4 11. Bxd4 Bc6 12. f3 Nd7 13. Bxg7 Kxg7 14. Qd4+ f6
15. b4 Qb6 16. Qxb6 Nxb6 17. Nd5 Kf7 18. Kf2 Rfc8 19. Ke3 e6 20. Nxb6 axb6 21.
Rcd1 Ra3+ 22. Kf2 Ke7 23. b5 Be8 24. Rd2 e5 25. Rfd1 Rd8 26. Rc1 Bf7 27. Ke1
Be6 28. Kf2 Rda8 29. Rcc2 f5 30. Bd3 f4 31. Be2 g5 32. Ke1 h5 33. Kf2 g4 34.
Bf1 h4 35. fxg4 Bxg4 36. h3 Bh5 37. Be2 Bxe2 38. Rxe2 Rg8 39. Kf1 Rgg3 40. Rf2
Rad3 41. Ke1 Rde3+ 42. Rce2 Rc3 43. Rc2 Rge3+ 44. Kf1 Rxc2 45. Rxc2 Rxe4 46.
Rc3 Rd4 47. Ke2 e4 48. Ke1 Ke6 49. Ke2 Ke5 50. Rc2 Rd3 51. Kf2 Rg3 52. Rc1 f3
53. gxf3 Rxf3+ 54. Kg2 Rg3+ 55. Kh2 Rd3 56. Rg1 Rd2+ 57. Kh1 e3 58. Rg7 Kf6 59.
Rg8 e2 60. Re8 Rd1+ 0-1

[Event "CAN-op"]
[Site "Kapuskasing CAN"]
[Date "2003.07.20"]
[Round "10"]
[White "Stevens, Christian"]
[Black "Meng, Fanhao"]
[Result "0-1"]
[WhiteElo "2262"]
[BlackElo "2230"]
[PlyCount "79"]
[EventDate "2003.07.12"]
[EventType "swiss"]
[EventRounds "9"]
[EventCountry "CAN"]

1. c4 c6 2. Nf3 d5 3. e3 Nf6 4. d4 Bf5 5. Nc3 e6 6. Nh4 Bg6 7. Nxg6 hxg6 8. Qd3
Nbd7 9. g3 Be7 10. Bg2 O-O 11. cxd5 cxd5 12. O-O Nb6 13. f4 Qd7 14. b3 Rfd8 15.
a4 a5 16. Bd2 Nc8 17. Bf3 Bb4 18. g4 Nd6 19. Ra2 Bxc3 20. Bxc3 Nfe4 21. Be1
Rdb8 22. h4 b5 23. h5 bxa4 24. bxa4 Qc6 25. hxg6 fxg6 26. f5 gxf5 27. gxf5 exf5
28. Rg2 Re8 29. Bh5 Qxa4 30. Bxe8 Qxe8 31. Rf3 a4 32. Bg3 a3 33. Rf1 Nc4 34.
Be5 Nxe5 35. dxe5 Qxe5 36. Ra2 g6 37. Rfa1 Ra4 38. Qb3 Nc5 39. Qb6 Qxe3+ 40.
Rf2 0-1

[Event "CAN-op"]
[Site "Kapuskasing CAN"]
[Date "2003.07.20"]
[Round "10"]
[White "Vera, Reynaldo"]
[Black "Iljushin, Alexei"]
[Result "0-1"]
[WhiteElo "2559"]
[BlackElo "2553"]
[PlyCount "90"]
[EventDate "2003.07.12"]
[EventType "swiss"]
[EventRounds "9"]
[EventCountry "CAN"]

1. c4 c5 2. Nf3 Nc6 3. d4 cxd4 4. Nxd4 Nf6 5. Nc3 e6 6. a3 a6 7. e4 Qc7 8. Be3
d6 9. Be2 Be7 10. O-O O-O 11. Rc1 Ne5 12. f4 Ng6 13. Kh1 Re8 14. Qd2 Bf8 15.
Nf3 b6 16. Bd4 Nd7 17. Ng5 Bb7 18. Bh5 Nf6 19. Bxg6 fxg6 20. f5 gxf5 21. exf5
e5 22. Be3 Qxc4 23. Ne6 Rxe6 24. fxe6 Qxe6 25. Bxb6 d5 26. Na4 Ne4 27. Qe1 d4
28. b4 Qd5 29. Rf3 d3 30. Rd1 Qb5 31. Nc5 Nxc5 32. Rxf8+ Rxf8 33. Bxc5 Re8 34.
Qe3 e4 35. h3 h6 36. Rd2 Qc4 37. Kh2 Bc6 38. Qg3 Qd5 39. Be3 Kh7 40. Rf2 Re6
41. Qb8 Qd6+ 42. Qxd6 Rxd6 43. Kg1 Ba4 44. Kf1 Rc6 45. Bc5 Rxc5 0-1

[Event "CMA Futurity IV"]
[Site "Toronto CAN"]
[Date "2003.07.25"]
[Round "1"]
[White "Cramling, Pia"]
[Black "Peredun, Andrew"]
[Result "1-0"]
[WhiteElo "2488"]
[BlackElo "2306"]
[PlyCount "59"]
[EventDate "2003.07.25"]
[EventType "schev"]
[EventRounds "10"]
[EventCountry "CAN"]
[Source "Mark Crowther"]
[SourceDate "2003.07.28"]

1. d4 g6 2. g3 Bg7 3. Bg2 Nf6 4. Nf3 O-O 5. O-O d6 6. a4 a5 7. c3 c6 8. Nbd2
Nbd7 9. b3 Qc7 10. e4 b5 11. Re1 bxa4 12. Rxa4 Nb6 13. Ra3 Nfd7 14. Bb2 e5 15.
Qc2 f5 16. Ng5 Nf6 17. dxe5 dxe5 18. b4 a4 19. Raa1 f4 20. c4 Ng4 21. c5 fxg3
22. fxg3 Bh6 23. Ndf3 Rxf3 24. Nxf3 Ne3 25. Qc3 Nbc4 26. Bc1 Bg4 27. Bxe3 Nxe3
28. Rxe3 Bxe3+ 29. Qxe3 Be6 30. Qc3 1-0

[Event "CMA Futurity IV"]
[Site "Toronto CAN"]
[Date "2003.07.25"]
[Round "1"]
[White "Milicevic, Goran"]
[Black "Wang, Hao Yuan"]
[Result "0-1"]
[WhiteElo "2348"]
[BlackElo "2226"]
[PlyCount "96"]
[EventDate "2003.07.25"]
[EventType "schev"]
[EventRounds "10"]
[EventCountry "CAN"]
[Source "Mark Crowther"]
[SourceDate "2003.08.11"]

1. e4 c5 2. Nf3 d6 3. d4 Nf6 4. Nc3 cxd4 5. Qxd4 a6 6. Be3 Nc6 7. Qd2 e6 8.
O-O-O Be7 9. Bf4 Ng4 10. Bxd6 Qxd6 11. Qxd6 Bxd6 12. Rxd6 Nxf2 13. Rg1 Ke7 14.
Rd2 Ng4 15. Na4 b5 16. Nc5 Ra7 17. h3 Nge5 18. Be2 Rc7 19. a3 Nd7 20. Nxd7 Bxd7
21. Rgd1 Na5 22. Kb1 Bc6 23. b4 Nb7 24. e5 Rhc8 25. Nd4 Nd8 26. Bd3 h6 27. Kb2
Bd5 28. a4 Nc6 29. Nxc6+ Bxc6 30. Ra1 Rb7 31. c3 Rd8 32. Kc2 Rbd7 33. Rad1 Rxd3
34. Rxd3 Be4 35. a5 g5 36. g4 Kf8 37. R1d2 Kg7 38. Rd1 Kg6 39. R1d2 h5 40. Rd1
hxg4 41. hxg4 f5 42. exf6 Kxf6 43. Rf1+ Ke5 44. Rff3 Rxd3 45. Rxd3 Bxd3+ 46.
Kxd3 Kd5 47. Ke3 Kc4 48. Kd2 e5 0-1

[Event "CMA Futurity IV"]
[Site "Toronto CAN"]
[Date "2003.07.26"]
[Round "2"]
[White "Wang, Hao Yuan"]
[Black "Bellon Lopez, Juan Manuel"]
[Result "0-1"]
[WhiteElo "2226"]
[BlackElo "2423"]
[PlyCount "62"]
[EventDate "2003.07.25"]
[EventType "schev"]
[EventRounds "10"]
[EventCountry "CAN"]
[Source "Mark Crowther"]
[SourceDate "2003.07.28"]

1. e4 c5 2. Nf3 g6 3. c3 d6 4. Bb5+ Bd7 5. Bxd7+ Nxd7 6. O-O Bg7 7. d4 Qc7 8.
Re1 a6 9. a4 Rd8 10. Nbd2 e6 11. Qe2 Ne7 12. Nc4 cxd4 13. cxd4 Nb6 14. Ne3 d5
15. a5 Nbc8 16. exd5 Nxd5 17. Ng4 Nce7 18. Nfe5 h5 19. Nxf7 Kxf7 20. Qxe6+ Ke8
21. Ne3 Nf4 22. Qb3 Rxd4 23. Nc2 Rc4 24. Ra4 Qc6 25. Bxf4 Qxa4 26. Qxb7 Qd7 27.
Qxa6 Rxf4 28. Qxg6+ Kf8 29. Qg3 Rf6 30. Qa3 Rhh6 31. Ne3 Qd2 0-1

[Event "CMA Futurity IV"]
[Site "Toronto CAN"]
[Date "2003.07.26"]
[Round "3"]
[White "Arencibia, Walter"]
[Black "Krnan, Tomas"]
[Result "1-0"]
[WhiteElo "2522"]
[BlackElo "2216"]
[PlyCount "87"]
[EventDate "2003.07.25"]
[EventType "schev"]
[EventRounds "10"]
[EventCountry "CAN"]
[Source "Mark Crowther"]
[SourceDate "2003.08.11"]

1. b3 Nf6 2. Bb2 d6 3. Bxf6 exf6 4. e3 g6 5. d4 Bg7 6. Ne2 O-O 7. g3 f5 8. Bg2
Nd7 9. c4 Re8 10. Nbc3 Nf6 11. Qc2 c6 12. O-O Be6 13. Rad1 d5 14. Nf4 Rc8 15.
Na4 g5 16. Nd3 dxc4 17. bxc4 b5 18. Nab2 Nd7 19. a4 Nb6 20. Nc5 Qf6 21. axb5
cxb5 22. cxb5 f4 23. Qe2 Nd5 24. Nba4 Qg6 25. exf4 gxf4 26. Nxe6 fxe6 27. Rfe1
fxg3 28. hxg3 Rc2 29. Rd2 Rxd2 30. Qxd2 Rd8 31. Re4 Nb6 32. Nxb6 axb6 33. Qe3
Qf6 34. Rf4 Qg6 35. Be4 Qh6 36. Bxh7+ Kxh7 37. Rh4 Qxh4 38. gxh4 Bxd4 39. Qxe6
Rg8+ 40. Kf1 Bc5 41. Qf5+ Kg7 42. f4 Rf8 43. Qg5+ Kf7 44. h5 1-0

[Event "CMA Futurity IV"]
[Site "Toronto CAN"]
[Date "2003.07.26"]
[Round "3"]
[White "Cramling, Pia"]
[Black "Wang, Hao Yuan"]
[Result "1-0"]
[WhiteElo "2488"]
[BlackElo "2226"]
[PlyCount "69"]
[EventDate "2003.07.25"]
[EventType "schev"]
[EventRounds "10"]
[EventCountry "CAN"]
[Source "Mark Crowther"]
[SourceDate "2003.07.28"]

1. d4 Nf6 2. Nf3 e6 3. c4 c5 4. d5 exd5 5. cxd5 d6 6. e4 a6 7. Bd3 b5 8. h3 g6
9. O-O Bg7 10. Re1 O-O 11. a4 b4 12. Nbd2 a5 13. Bb5 Nfd7 14. Nc4 Nb6 15. Nfd2
Nxc4 16. Nxc4 Qf6 17. Be3 Nd7 18. Qc1 Qe7 19. Bxd7 Qxd7 20. Nb6 Qb7 21. Nxa8
Rd8 22. Bg5 f6 23. Bh6 Bh8 24. Qd2 Qxa8 25. Rac1 Qa7 26. Be3 Qf7 27. Bxc5 dxc5
28. Rxc5 Qa7 29. Rec1 Bd7 30. Rc7 Qb6 31. d6 Bg7 32. Qd5+ Kf8 33. Rxd7 Rxd7 34.
Rc8+ Rd8 35. Rc7 1-0

[Event "CMA Futurity IV"]
[Site "Toronto CAN"]
[Date "2003.07.28"]
[Round "6"]
[White "Wang, Hao Yuan"]
[Black "Milicevic, Goran"]
[Result "1-0"]
[WhiteElo "2226"]
[BlackElo "2348"]
[PlyCount "45"]
[EventDate "2003.07.25"]
[EventType "schev"]
[EventRounds "10"]
[EventCountry "CAN"]

1. e4 e6 2. d4 d5 3. Nd2 c5 4. exd5 Qxd5 5. Ngf3 Nf6 6. Bc4 Qc6 7. O-O b5 8.
Be2 Bb7 9. a4 a6 10. Nb3 c4 11. Na5 Qc7 12. Nxb7 Qxb7 13. axb5 axb5 14. Rxa8
Qxa8 15. b3 Qd5 16. bxc4 bxc4 17. Ne5 c3 18. Bc4 Qa5 19. Qe2 Qc7 20. Bb5+ Nbd7
21. d5 Bd6 22. Nxd7 Nxd7 23. dxe6 1-0

[Event "CMA Futurity IV"]
[Site "Toronto CAN"]
[Date "2003.07.31"]
[Round "9"]
[White "Milicevic, Goran"]
[Black "Peredun, Andrew"]
[Result "1/2-1/2"]
[WhiteElo "2361"]
[BlackElo "2306"]
[PlyCount "83"]
[EventDate "2003.07.25"]
[EventType "schev"]
[EventRounds "10"]
[EventCountry "CAN"]

1. e4 c5 2. f4 d5 3. e5 Nc6 4. Ne2 Bg4 5. h3 Bxe2 6. Qxe2 e6 7. c3 h5 8. Qf3 h4
9. Na3 Nge7 10. Bd3 g6 11. b3 Qd7 12. Nc2 Nf5 13. O-O O-O-O 14. a4 Kb8 15. Bb5
a6 16. Bxc6 Qxc6 17. d3 Be7 18. Bd2 Rd7 19. Rfb1 Rc8 20. Ra2 c4 21. Kh2 cxd3
22. Qxd3 Qc7 23. Nd4 Nxd4 24. cxd4 Qb6 25. a5 Qb5 26. Qxb5 axb5 27. Kg1 f5 28.
Kf2 Rdc7 29. Ke2 Ka7 30. Kd3 Ka6 31. Rg1 b4 32. Rga1 Rc6 33. Rb1 Kb5 34. Rg1
Bf8 35. Ke2 Rc2 36. Rxc2 Rxc2 37. g3 hxg3 38. Rxg3 Bh6 39. Rf3 Ra2 40. Kd1 Ra1+
41. Ke2 Ra2 42. Kd1 1/2-1/2

[Event "CYCC U10"]
[Site "Kapuskasing CAN"]
[Date "2003.07.07"]
[Round "1"]
[White "Fan, Brendan"]
[Black "Landry, Francois Guillaume"]
[Result "1-0"]
[WhiteElo "1479"]
[BlackElo "1068"]
[PlyCount "89"]
[EventDate "2003.07.07"]
[EventType "swiss"]
[EventRounds "7"]
[EventCountry "CAN"]

1. e4 e5 2. Nf3 Nc6 3. Bb5 Bc5 4. O-O Nf6 5. Nc3 Nd4 6. Nxe5 Nxb5 7. Nxb5 Nxe4
8. Qg4 Bxf2+ 9. Kh1 d6 10. Qxe4 dxe5 11. Qxe5+ Qe7 12. Nxc7+ Kd8 13. Qxe7+ Kxe7
14. Rxf2 Rb8 15. b3 b6 16. Ba3+ Kd8 17. Rxf7 Rg8 18. Re1 Rb7 19. Ne6+ Ke8 20.
Rxb7 Bxb7 21. Nc5+ Kd8 22. Nxb7+ Kc7 23. Re7+ Kc8 24. Nd6+ Kd8 25. Nf5 Rf8 26.
Rd7+ Kxd7 27. Bxf8 Ke6 28. d4 Kxf5 29. d5 Kf6 30. d6 Kf7 31. Bxg7 Ke6 32. Bf8
Kd7 33. c4 Ke8 34. Be7 Kd7 35. b4 a6 36. a4 Kc6 37. c5 Kd7 38. cxb6 Kc6 39. b7
Kxb7 40. d7 Kb6 41. d8=Q+ Ka7 42. Bd6 a5 43. b5 Kb7 44. Qc7+ Ka8 45. Qb8# 1-0

[Event "CYCC U10"]
[Site "Kapuskasing CAN"]
[Date "2003.07.07"]
[Round "1"]
[White "Mai, Lloyd"]
[Black "Williscroft, Darren"]
[Result "1-0"]
[WhiteElo "1595"]
[BlackElo "1166"]
[PlyCount "79"]
[EventDate "2003.07.07"]
[EventType "swiss"]
[EventRounds "7"]
[EventCountry "CAN"]

1. e4 e5 2. Nf3 Nc6 3. Bc4 d6 4. Nc3 Nf6 5. Ng5 Be6 6. Nxe6 fxe6 7. Bxe6 Nd4 8.
Bb3 Nxb3 9. axb3 d5 10. exd5 Nxd5 11. Qh5+ g6 12. Qxe5+ Qe7 13. Qxe7+ Nxe7 14.
O-O h5 15. Nb5 Nd5 16. c4 c6 17. Rxa7 Rxa7 18. Nxa7 Nf4 19. Re1+ Kd8 20. d4 Nd3
21. Bg5+ Kd7 22. Re2 h4 23. h3 Rh5 24. f4 Bd6 25. Re4 Nxb2 26. Re3 Nd1 27. Rd3
Nb2 28. Rd2 Bb8 29. Nxc6 bxc6 30. Rxb2 Ba7 31. c5 Ke6 32. Re2+ Kd5 33. Bf6 Bb8
34. Rf2 Rf5 35. Be5 Bxe5 36. fxe5 Rg5 37. Rf4 Rh5 38. Kf2 g5 39. Rg4 Ke6 40.
Ke3 1-0

[Event "CYCC U10"]
[Site "Kapuskasing CAN"]
[Date "2003.07.07"]
[Round "2"]
[White "Eshelman, Lucas"]
[Black "Szalay, Karoly"]
[Result "0-1"]
[WhiteElo "1189"]
[BlackElo "1328"]
[PlyCount "76"]
[EventDate "2003.07.07"]
[EventType "swiss"]
[EventRounds "7"]
[EventCountry "CAN"]
[Source "CFC"]
[SourceDate "2003.08.??"]

1. e4 e5 2. Nf3 d6 3. Bc4 Bg4 4. h3 Bh5 5. Nc3 Nc6 6. d3 Nd4 7. g4 Nxf3+ 8.
Qxf3 Bg6 9. Bd5 c6 10. Bc4 Be7 11. h4 Bxh4 12. Rg1 Bg5 13. Bxg5 Qxg5 14. Rh1
Nf6 15. b4 Qxg4 16. Qe3 Qg2 17. O-O-O Ng4 18. Qg5 h6 19. Rhg1 Qxg1 20. Rxg1
hxg5 21. Rxg4 f6 22. b5 Rh1+ 23. Kb2 Bf7 24. Kb3 Bxc4+ 25. Kxc4 Rh2 26. bxc6
bxc6 27. Nd1 Kd7 28. c3 Ke6 29. d4 Rc8 30. Kb4 c5+ 31. Kb5 cxd4 32. cxd4 Rb8+
33. Kc6 Rb1 34. d5+ Ke7 35. Nc3 Rc1 36. Kb7 Rxc3 37. Kxa7 Ra3+ 38. Kb7 Rxa2 0-1

[Event "CYCC U10"]
[Site "Kapuskasing CAN"]
[Date "2003.07.07"]
[Round "2"]
[White "Landry, Francois Guillaume"]
[Black "Komer, Matthew"]
[Result "0-1"]
[WhiteElo "1068"]
[BlackElo "877"]
[PlyCount "118"]
[EventDate "2003.07.07"]
[EventType "swiss"]
[EventRounds "7"]
[EventCountry "CAN"]

1. e4 d5 2. exd5 Qxd5 3. Nc3 Qd8 4. Nf3 Nf6 5. Bc4 Nc6 6. d4 e6 7. O-O Na5 8.
Bb3 Nxb3 9. cxb3 Bb4 10. Bg5 O-O 11. Bxf6 Qxf6 12. d5 Bd7 13. dxe6 Bxe6 14. Nd5
Qh6 15. Nxb4 Qg6 16. g3 Rad8 17. Qc2 Qg4 18. Ne5 Qxb4 19. Qxc7 Rc8 20. a3 Qxb3
21. Qa5 a6 22. Rfc1 Rxc1+ 23. Rxc1 Qxb2 24. Qc3 Qe2 25. Rb1 Qe4 26. f3 Qxb1+
27. Kf2 Qa2+ 28. Ke3 Rc8 29. Qd4 Qb3+ 30. Kf2 Rc2+ 31. Ke1 Qb1+ 32. Qd1 Qxd1+
33. Kxd1 Rc5 34. Nd3 Rd5 35. Ke2 Bf5 36. Nf4 Re5+ 37. Kf2 Ra5 38. g4 Bd7 39.
Nh5 Rxa3 40. f4 Ra2+ 41. Kg3 b5 42. f5 f6 43. g5 Bxf5 44. gxf6 Bg6 45. Nxg7 b4
46. Ne6 b3 47. Kf4 b2 48. Ng5 b1=Q 49. h4 Qf1+ 50. Ke5 Qb5+ 51. Kf4 Qf5+ 52.
Ke3 Qd3+ 53. Kf4 Ra4+ 54. Ke5 Qf5+ 55. Kd6 Rd4+ 56. Kc6 Qd5+ 57. Kb6 Qb5+ 58.
Kc7 Rd7+ 59. Kc8 Qb7# 0-1

[Event "CYCC U10"]
[Site "Kapuskasing CAN"]
[Date "2003.07.07"]
[Round "2"]
[White "MacKinnon, Keith"]
[Black "Calugar, Arthur"]
[Result "0-1"]
[WhiteElo "1696"]
[BlackElo "1282"]
[PlyCount "44"]
[EventDate "2003.07.07"]
[EventType "swiss"]
[EventRounds "7"]
[EventCountry "CAN"]
[Source "CFC"]
[SourceDate "2003.08.??"]

1. e4 c5 2. Nf3 Nc6 3. Bc4 d6 4. d4 cxd4 5. Nxd4 g6 6. Bb5 Bd7 7. Nc3 a6 8. Ba4
b5 9. Bb3 Bg7 10. Qf3 Nf6 11. Nxc6 Bxc6 12. O-O b4 13. Bd5 Bxd5 14. Nxd5 Nxd5
15. exd5 O-O 16. c3 bxc3 17. bxc3 Qa5 18. Bd2 Rab8 19. Rfd1 Rb2 20. c4 Rxd2 21.
Rxd2 Qxd2 22. Rd1 Qxa2 0-1

[Event "CYCC U10"]
[Site "Kapuskasing CAN"]
[Date "2003.07.07"]
[Round "2"]
[White "Williscroft, Darren"]
[Black "Gibson, Kevin"]
[Result "0-1"]
[WhiteElo "1166"]
[BlackElo "1146"]
[PlyCount "46"]
[EventDate "2003.07.07"]
[EventType "swiss"]
[EventRounds "7"]
[EventCountry "CAN"]

1. e4 c5 2. Nc3 d6 3. d4 cxd4 4. Qxd4 e5 5. Qd3 Nf6 6. Nf3 Be7 7. g3 O-O 8. Nd5
Nxd5 9. exd5 Na6 10. Qe4 f5 11. Qd3 e4 12. Qb3 exf3 13. Qxf3 Nb4 14. Bd3 Nxd3+
15. Qxd3 Bg5 16. Bxg5 Qxg5 17. O-O f4 18. Qd2 Bh3 19. Rfe1 Qh5 20. Qd3 f3 21.
Re7 Rf6 22. Rxb7 Bg2 23. Re1 Qxh2+ 0-1

[Event "CYCC U10"]
[Site "Kapuskasing CAN"]
[Date "2003.07.07"]
[Round "2"]
[White "Xiong, Jerry"]
[Black "Fan, Brendan"]
[Result "0-1"]
[WhiteElo "1241"]
[BlackElo "1479"]
[PlyCount "48"]
[EventDate "2003.07.07"]
[EventType "swiss"]
[EventRounds "7"]
[EventCountry "CAN"]

1. e4 e6 2. d4 d5 3. e5 c5 4. c3 Nc6 5. Nf3 Qb6 6. Be2 Bd7 7. O-O Nge7 8. Na3
cxd4 9. cxd4 Nf5 10. Nc2 Be7 11. b3 Rc8 12. Bb2 O-O 13. Qd2 Rc7 14. Rac1 a6 15.
Rfd1 Rfc8 16. Rb1 Nb4 17. Nxb4 Bxb4 18. Qf4 Bb5 19. Bd3 Bxd3 20. Rxd3 Qb5 21.
Rdd1 Rc2 22. Rdc1 Qe2 23. Nh4 Nxh4 24. Qxh4 Rxc1+ 0-1

[Event "CYCC U10"]
[Site "Kapuskasing CAN"]
[Date "2003.07.08"]
[Round "3"]
[White "Dallaire, Deric"]
[Black "Xiong, Jerry"]
[Result "0-1"]
[WhiteElo "942"]
[BlackElo "1241"]
[PlyCount "66"]
[EventDate "2003.07.07"]
[EventType "swiss"]
[EventRounds "7"]
[EventCountry "CAN"]

1. d4 d5 2. c3 Nc6 3. Nf3 Nf6 4. Bf4 Bf5 5. Na3 e6 6. Nb5 Bd6 7. Be3 O-O 8. Bd2
a6 9. Na3 Qe7 10. Qc1 Ne4 11. Bg5 f6 12. Bh4 Rae8 13. e3 e5 14. Bd3 exd4 15.
cxd4 Nb4 16. Bxe4 dxe4 17. Nd2 Nd3+ 18. Kf1 Nxc1 19. Rxc1 Bxa3 20. Nc4 Bd6 21.
a3 b5 22. Nxd6 Qxd6 23. Bg3 Qd5 24. Rc5 Qb3 25. f4 Qd1+ 26. Kf2 Qxh1 27. Rxc7
Bg4 28. Ra7 Qd1 29. Bh4 g5 30. Rxa6 gxh4 31. Rb6 Rc8 32. Rc6 Rxc6 33. b3 Rc2#
0-1